000 00534nam a22001932 4500
001 0000004382
005 20170406115801.0
008 140912s xx 000 0 eng d
020 _c$
040 _aYour Holding Symbol
_cYour Holding Symbol
100 1 _aAusten,Jane.
245 1 0 _aEmma :
_ban authoritative text backgrounds reviews and criticism.
250 _a ed.
260 _anew york :
_bNorton,
_c1972.
300 _a460 p. ;
_c cm.
504 _abibliograhy.
650 0 _aparrish.
908 _a140912
999 _c4213
_d4213